[Event "7. LGA Premium Cup"]
[Site "Nürnberg"]
[Date "2010.09.05"]
[Round "7.32"]
[White "Huss, Rolf"]
[Black "Lais, Thomas"]
[Result "0-1"]
[WhiteElo "2153"]
[BlackElo "1916"]
[PlyCount "106"]
[EventDate "2010.09.02"]
[WhiteTeam "SC Fulda"]
[BlackTeam "SW Nürnberg Süd e.V."]

1. d4 Nf6 2. c4 g6 3. g3 Bg7 4. Bg2 d5 5. cxd5 Nxd5 6. e4 Nb6 7. Ne2 c5 8. d5
O-O 9. O-O Na6 10. Nbc3 e6 11. a4 exd5 12. exd5 Bf5 13. a5 Nc4 14. Qb3 Nd6 15.
Be3 Qd7 16. Rfc1 Rac8 17. Na4 Rfe8 18. Nf4 g5 19. Nh5 Be4 20. Nxg7 Kxg7 21.
Bxg5 Bxg2 22. Kxg2 Qg4 23. Qc3+ Kg8 24. Bf4 Nf5 25. Qf6 Nd4 26. Ra3 Ne2 27. Rc4
Nd4 28. Re3 Rxe3 29. Bxe3 Qe4+ 30. Kh3 Qxd5 31. Bxd4 Qd7+ 32. Kh4 cxd4 33. Rxd4
Qe6 34. Qg5+ Kf8 35. Rd8+ Rxd8 36. Qxd8+ Kg7 37. Qg5+ Kf8 38. Qd8+ Kg7 39. Qd4+
Kf8 40. g4 Qh6+ 41. Kg3 Qc6 42. f4 Qc2 43. h4 Qb3+ 44. Kf2 Nb4 45. Nc5 Qc2+ 46.
Kg3 Nc6 47. Qd6+ Kg8 48. a6 Qc1 49. g5 Qe3+ 50. Kg4 Qe2+ 51. Kf5 Qc2+ 52. Ne4
bxa6 53. Qd7 Kf8 0-1

[Event "7. LGA Premium Cup"]
[Site "Nürnberg"]
[Date "2010.09.05"]
[Round "7.33"]
[White "Schütze, Norman"]
[Black "Pribyl, Josef"]
[Result "1/2-1/2"]
[WhiteElo "2181"]
[BlackElo "2342"]
[PlyCount "44"]
[EventDate "2010.09.02"]
[WhiteTeam "SG 1871 Löberitz"]
[BlackTeam "Schachhaus Ludwigshafen"]

1. e4 d6 2. d4 Nf6 3. Nc3 g6 4. f4 Bg7 5. Nf3 O-O 6. Bd3 Na6 7. O-O c5 8. d5
Rb8 9. f5 Nb4 10. fxg6 hxg6 11. Be2 Bd7 12. a3 Na6 13. Qe1 Nh7 14. Qh4 Bf6 15.
Ng5 Nxg5 16. Bxg5 Bxg5 17. Qxg5 Kg7 18. e5 dxe5 19. Qxe5+ f6 20. Qe3 Qb6 21.
Kh1 Rf7 22. Ne4 Rh8 1/2-1/2

[Event "7. LGA Premium Cup"]
[Site "Nürnberg"]
[Date "2010.09.05"]
[Round "7.34"]
[White "Mihok, Laszlo"]
[Black "Heidrich, Manfred"]
[Result "1/2-1/2"]
[WhiteElo "2151"]
[BlackElo "2316"]
[PlyCount "25"]
[EventDate "2010.09.02"]
[WhiteTeam "SK Tempelhof 1931 e.V."]
[BlackTeam "SC Forchheim e.V."]

1. d4 f5 2. e4 fxe4 3. Nc3 Nf6 4. Bg5 Nc6 5. d5 Ne5 6. Qe2 c6 7. O-O-O Nf7 8.
Bxf6 gxf6 9. d6 Bh6+ 10. Kb1 O-O 11. Nxe4 f5 12. dxe7 Qxe7 13. Nd6 1/2-1/2

[Event "7. LGA Premium Cup"]
[Site "Nürnberg"]
[Date "2010.09.05"]
[Round "7.35"]
[White "Safyanowsky, Mark"]
[Black "Stein, Marco"]
[Result "1-0"]
[WhiteElo "2301"]
[BlackElo "2156"]
[PlyCount "101"]
[EventDate "2010.09.02"]
[WhiteTeam "SC Dillingen"]
[BlackTeam "SV Alsfeld"]

1. d4 d5 2. c4 c6 3. Nf3 Nf6 4. e3 e6 5. Nbd2 Nbd7 6. Bd3 Be7 7. O-O O-O 8. e4
dxe4 9. Nxe4 b6 10. Bf4 Nxe4 11. Bxe4 Bb7 12. Qe2 Nf6 13. Bc2 c5 14. Rfd1 cxd4
15. Nxd4 Qc8 16. a3 a5 17. Rac1 Qc5 18. Qe5 Rac8 19. Qxc5 Bxc5 20. Nb3 Be7 21.
Be3 Bd8 22. f3 Bc7 23. Nd4 Ba6 24. Ba4 Rfd8 25. Nb5 Bxb5 26. Bxb5 Rxd1+ 27.
Rxd1 Rd8 28. Rxd8+ Bxd8 29. Kf2 Kf8 30. Ke2 Ke7 31. Kd3 Nd7 32. Kc3 e5 33. b4
axb4+ 34. axb4 f5 35. Kb3 Nf6 36. c5 bxc5 37. Bxc5+ Ke6 38. Kc4 Bc7 39. Bc6 e4
40. h3 g5 41. fxe4 Nxe4 42. Bxe4 fxe4 43. Be3 Kf5 44. g4+ Kg6 45. Kd5 h5 46.
Kxe4 hxg4 47. hxg4 Kf6 48. Kd5 Bb8 49. b5 Bc7 50. b6 Bb8 51. Bd4+ 1-0

[Event "7. LGA Premium Cup"]
[Site "Nürnberg"]
[Date "2010.09.05"]
[Round "7.36"]
[White "Klek, Hanna-Marie"]
[Black "Lauer, Moritz"]
[Result "1-0"]
[WhiteElo "2169"]
[BlackElo "2298"]
[PlyCount "75"]
[EventDate "2010.09.02"]
[WhiteTeam "SC Erlangen 48/88"]
[BlackTeam "SV Puschendorf"]

1. e4 d5 2. exd5 Nf6 3. Nf3 Nxd5 4. d4 g6 5. c4 Nb6 6. c5 N6d7 7. Bc4 Nf6 8.
Qb3 e6 9. O-O Bg7 10. Nc3 O-O {(=)} 11. d5 exd5 12. Nxd5 Nc6 13. Bg5 Na5 14.
Qc3 Nxd5 15. Qxa5 f6 16. Bf4 Be6 17. Bxd5 Bxd5 18. Bxc7 Qc8 19. Bd6 Bxf3 20.
gxf3 Rd8 21. Qb4 f5 22. Rae1 Rd7 23. Re2 Bf8 24. Rfe1 Rf7 25. Qb3 Qc6 26. Re7
Bxe7 27. Rxe7 Raf8 28. Rc7 Qe8 29. Bxf8 Kxf8 30. Rxb7 Qe1+ 31. Kg2 Rxb7 32.
Qxb7 Qc1 33. Qb8+ Kg7 34. Qxa7+ Kf6 35. Qb6+ Kf7 36. Qc7+ Kg8 37. Qd8+ Kf7 38.
b4 1-0

[Event "7. LGA Premium Cup"]
[Site "Nürnberg"]
[Date "2010.09.05"]
[Round "7.37"]
[White "Demel, Paul"]
[Black "Menacher, Manfred"]
[Result "1-0"]
[WhiteElo "2152"]
[BlackElo "2290"]
[PlyCount "93"]
[EventDate "2010.09.02"]
[WhiteTeam "SK Kriegshaber"]
[BlackTeam "SK Kelheim 1920"]

1. Nf3 c5 2. c4 Nf6 3. Nc3 b6 4. g3 Bb7 5. Bg2 e6 6. O-O Be7 7. Re1 d5 8. cxd5
exd5 9. d4 O-O 10. Bf4 Na6 11. Rc1 Re8 12. dxc5 Nxc5 13. Be5 Ne6 14. e3 Ng4 15.
Bd4 Nxd4 16. Nxd4 Nf6 17. Re2 Rc8 18. Rec2 Qd7 19. Qf1 Ra8 20. Bh3 Qd8 21. Ncb5
Bc5 22. b4 Bxd4 23. Nxd4 Ne4 24. Qb5 Qf6 25. Bd7 Red8 26. Bc6 Rab8 27. Bxb7
Rxb7 28. Nc6 Rd6 29. Nxa7 h5 30. Nc6 h4 31. Nd4 hxg3 32. hxg3 Qg5 33. Kg2 Rh6
34. Qe2 Rd7 35. Rc6 g6 36. Rc8+ Kh7 37. Rh1 Ra7 38. Rxh6+ Kxh6 39. Nf3 Qg4 40.
Rh8+ Kg7 41. Qb2+ f6 42. Rb8 Qe6 43. Nd4 Qd6 44. Rd8 Qe5 45. Qc2 Qh5 46. Ne6+
Kh7 47. Qc8 1-0

[Event "7. LGA Premium Cup"]
[Site "Nürnberg"]
[Date "2010.09.05"]
[Round "7.38"]
[White "Bartsch, Berthold"]
[Black "Redzepovic, Irfan"]
[Result "1/2-1/2"]
[WhiteElo "2270"]
[BlackElo "2102"]
[PlyCount "111"]
[EventDate "2010.09.02"]
[WhiteTeam "SC Forchheim e.V."]
[BlackTeam "SW Nürnberg Süd e.V."]

1. e4 g6 2. Nc3 Bg7 3. g3 d6 4. Bg2 Nf6 5. d3 e5 6. f4 Nc6 7. Nf3 Bg4 8. h3 Bd7
9. O-O Nh5 10. Kh2 exf4 11. gxf4 Bxc3 12. bxc3 Qf6 13. e5 Qe7 14. d4 O-O-O 15.
Rb1 dxe5 16. Nxe5 Be8 17. Qg4+ f5 18. Qe2 Na5 19. Bxb7+ Nxb7 20. Qa6 c6 21. Ba3
Qc7 22. Qxa7 Rg8 23. Rb6 Rg7 24. Bf8 Rd5 25. Qa8+ Qb8 26. Qxb8+ Kxb8 27. Bxg7
Nxg7 28. Rfb1 Rb5 29. Nxc6+ Bxc6 30. R1xb5 Bxb5 31. Rxb5 Nh5 32. a4 Nxf4 33. a5
Ka7 34. Re5 Nd6 35. Kg3 Nh5+ 36. Kf3 Ne4 37. d5 Nhf6 38. Ke3 Nxc3 39. d6 Nce4
40. Re6 Nd7 41. Re7 Nef6 42. c4 Ka6 43. h4 Kxa5 44. h5 gxh5 45. Kf4 Kb6 46.
Kxf5 Kc6 47. Ke6 h4 48. Rg7 h3 49. Rg3 Ne4 50. Ra3 Ndc5+ 51. Ke7 Nf2 52. d7
Nxd7 53. Ra6+ Nb6 54. c5 Kxc5 55. Ra5+ Kd4 56. Rh5 1/2-1/2

[Event "7. LGA Premium Cup"]
[Site "Nürnberg"]
[Date "2010.09.05"]
[Round "7.39"]
[White "Scheremet, Michael"]
[Black "Arnold, Max"]
[Result "1/2-1/2"]
[WhiteElo "2266"]
[BlackElo "1950"]
[PlyCount "73"]
[EventDate "2010.09.02"]
[WhiteTeam "SC Noris-Tarrasch Nürnberg 1873"]
[BlackTeam "SF Pfalzgrafenweiler"]

1. d4 Nf6 2. Nf3 e6 3. Bf4 c5 4. c3 b6 5. e3 Bb7 6. Nbd2 Be7 7. Bd3 cxd4 8.
exd4 O-O 9. h3 d6 10. O-O Nbd7 11. Re1 Re8 12. Qe2 Bf8 13. Ne4 Nxe4 14. Bxe4
Bxe4 15. Qxe4 Nf6 16. Qd3 Qd7 17. Nd2 Qb7 18. a4 a6 19. b4 Nd5 20. Bg3 Rec8 21.
Rec1 Rc7 22. Rab1 b5 23. c4 bxc4 24. Rxc4 Rxc4 25. Nxc4 Nxb4 26. Bxd6 Bxd6 27.
Nxd6 Qxg2+ 28. Kxg2 Nxd3 29. Kf3 g5 30. Rb7 Rd8 31. Nxf7 Rf8 32. Ke3 Rxf7 33.
Rxf7 Kxf7 34. Kxd3 Ke7 35. Ke4 Kd6 36. Kf3 h5 37. Ke4 1/2-1/2

[Event "7. LGA Premium Cup"]
[Site "Nürnberg"]
[Date "2010.09.05"]
[Round "7.40"]
[White "Baskin, Robert"]
[Black "Löw, Gerald"]
[Result "0-1"]
[WhiteElo "1870"]
[BlackElo "2263"]
[PlyCount "60"]
[EventDate "2010.09.02"]
[WhiteTeam "SAbt TuS Makkabi Ffm"]
[BlackTeam "TSV Bindlach Aktionär-Schachabte"]

1. e4 c5 2. Nf3 g6 3. d4 cxd4 4. Nxd4 Bg7 5. Nc3 Nc6 6. Be3 Nf6 7. Nb3 O-O 8.
Be2 d6 9. O-O Be6 10. f4 Na5 11. Nxa5 Qxa5 12. Bf3 Bc4 13. Rf2 Rac8 14. Nd5
Nxd5 15. exd5 Bxb2 16. Rb1 Bf6 17. Rxb7 Rc7 18. Bd2 Qc5 19. Rxc7 Qxc7 20. Be3
Bxa2 21. Bd4 Rb8 22. Qd2 Rb1+ 23. Bd1 Qc4 24. Bxf6 exf6 25. h3 Qxd5 26. Qxd5
Bxd5 27. Rd2 Be4 28. Kf2 d5 29. Rd4 f5 30. Ra4 Rxd1 0-1

[Event "7. LGA Premium Cup"]
[Site "Nürnberg"]
[Date "2010.09.05"]
[Round "7.41"]
[White "Zwahr, Paul"]
[Black "Willim, Michael"]
[Result "1-0"]
[WhiteElo "2348"]
[BlackElo "2134"]
[PlyCount "67"]
[EventDate "2010.09.02"]
[WhiteTeam "SG Grün-Weiß Dresden"]
[BlackTeam "SC Erlangen 48/88"]

1. e4 c5 2. Nf3 e6 3. d4 cxd4 4. Nxd4 a6 5. Bd3 Qc7 6. O-O Nf6 7. Qe2 d6 8. c4
Nbd7 9. f4 b6 10. Nc3 Bb7 11. Kh1 h5 12. Bd2 Rc8 13. Rae1 Be7 14. b4 Qb8 15. a3
Qa7 16. Nd5 Bd8 17. Nxf6+ Bxf6 18. Nf3 Qa8 19. Bb1 a5 20. Qd3 axb4 21. axb4 Ba6
22. Rc1 Qb8 23. Be3 g5 24. e5 gxf4 25. exf6 fxe3 26. Qxe3 Rxc4 27. Ba2 Rxc1 28.
Rxc1 Ne5 29. Nxe5 dxe5 30. b5 Bb7 31. Qg5 Qd6 32. Qg7 Rf8 33. Bxe6 fxe6 34.
Qxb7 1-0

[Event "7. LGA Premium Cup"]
[Site "Nürnberg"]
[Date "2010.09.05"]
[Round "7.42"]
[White "Heinzel, Olaf"]
[Black "Troyke, Doreen"]
[Result "1-0"]
[WhiteElo "2324"]
[BlackElo "2078"]
[PlyCount "77"]
[EventDate "2010.09.02"]
[WhiteTeam "Schachclub Hansa Dortmund e.V."]
[BlackTeam "Erfurter Schachklub"]

1. d4 d5 2. Bf4 Nf6 3. Nf3 e6 4. Nbd2 c5 5. e3 Nc6 6. c3 Bd6 7. Bg3 O-O 8. Bd3
Qe7 9. Ne5 Bxe5 10. dxe5 Nd7 11. f4 f6 12. Bh4 Qe8 13. exf6 Nxf6 14. g4 b6 15.
Rg1 a5 16. Bxf6 Rxf6 17. g5 Rf8 18. Bxh7+ Kxh7 19. g6+ Kg8 20. Qh5 Rf5 21. Qh7+
Kf8 22. Qh8+ Ke7 23. Qxg7+ Kd8 24. Qh7 Ne7 25. O-O-O Bd7 26. Nf3 Kc7 27. Ne5
Rd8 28. h4 Ng8 29. Rg5 Rxg5 30. fxg5 Ne7 31. Rf1 Nf5 32. h5 Qf8 33. Qf7 Qd6 34.
Qf6 Rf8 35. Nf7 Rxf7 36. gxf7 Qg3 37. Kb1 Qxe3 38. Ka1 Qe2 39. Rc1 1-0

[Event "7. LGA Premium Cup"]
[Site "Nürnberg"]
[Date "2010.09.05"]
[Round "7.44"]
[White "Krauß, Josef"]
[Black "Schuster, Karsten"]
[Result "0-1"]
[WhiteElo "2105"]
[BlackElo "2226"]
[PlyCount "104"]
[EventDate "2010.09.02"]
[WhiteTeam "SV Würzburg von 1865 e.V."]
[BlackTeam "SC Gröbenzell"]

1. e4 c6 2. Nc3 d5 3. Nf3 Bg4 4. h3 Bxf3 5. Qxf3 Nf6 6. g3 e6 7. Bg2 Bb4 8. Qe2
O-O 9. O-O Qc7 10. d3 Nbd7 11. Bd2 Bc5 12. Rae1 Bd4 13. Nd1 Qxg3 14. c3 Bb6 15.
e5 Ne8 16. d4 Qh4 17. Be3 g6 18. Qd2 Bd8 19. Bh6 Ng7 20. Kh2 Re8 21. Bxg7 Kxg7
22. f4 Nb6 23. Ne3 Kh8 24. Rf3 Qh6 25. Ref1 Bh4 26. Rg1 Nc8 27. Ng4 Qf8 28. Bf1
Ne7 29. Bd3 Ng8 30. Ne3 Nh6 31. Ng2 Be7 32. Rg3 c5 33. f5 Nxf5 34. Bxf5 exf5
35. Nf4 cxd4 36. cxd4 Red8 37. Kh1 Bb4 38. Qg2 Qh6 39. Qf2 Rac8 40. Rb3 Be7 41.
Qe3 Bg5 42. Nxg6+ hxg6 43. Rxg5 Rc6 44. Rg3 Qh4 45. Qd2 Kg7 46. Rgc3 Qe4+ 47.
Kh2 Rc4 48. Qg5 Rxd4 49. Rg3 Qxe5 50. Rbe3 Qf6 51. Re7 Qxg5 52. Rxg5 Kf6 0-1

[Event "7. LGA Premium Cup"]
[Site "Nürnberg"]
[Date "2010.09.05"]
[Round "7.45"]
[White "Reis, Gerhard"]
[Black "Fiedler, Wolfgang"]
[Result "1-0"]
[WhiteElo "2225"]
[BlackElo "2073"]
[PlyCount "91"]
[EventDate "2010.09.02"]
[WhiteTeam "SK Zirndorf e.V."]
[BlackTeam "SC Forchheim e.V."]

1. Nf3 d5 2. d4 f5 3. g3 Nf6 4. Bg2 e6 5. O-O Be7 6. b3 O-O 7. c4 c6 8. Qc2 Ne4
9. Ba3 Bxa3 10. Nxa3 Qe7 11. Qb2 a5 12. Ne5 Nd7 13. Nd3 Nb6 14. Rac1 dxc4 15.
Nxc4 Nd5 16. a3 Nd6 17. e3 g5 18. Rfe1 Nc7 19. Rc2 Ncb5 20. Rec1 Nf7 21. a4
Nbd6 22. Qa3 Re8 23. Nb6 Ra6 24. Qc5 Qd8 25. Nxc8 Nxc8 26. Bf1 Ncd6 27. f3 Ra8
28. Rd1 Qe7 29. Rcd2 Nc8 30. Qc4 Nb6 31. Qc5 Nd5 32. Re1 Qxc5 33. Nxc5 b6 34.
Nd3 Rad8 35. Rc2 Ne7 36. b4 Ra8 37. Rb2 Red8 38. bxa5 Rxa5 39. Rxb6 e5 40. Nc5
Rda8 41. Bc4 Rxc5 42. dxc5 Rxa4 43. Be6 Kg7 44. Rb7 Kf6 45. Bb3 Ra5 46. Rd1 1-0

[Event "7. LGA Premium Cup"]
[Site "Nürnberg"]
[Date "2010.09.05"]
[Round "7.46"]
[White "Böhle, Lars"]
[Black "Karasek, Christian"]
[Result "1/2-1/2"]
[WhiteElo "2222"]
[BlackElo "2063"]
[PlyCount "46"]
[EventDate "2010.09.02"]
[WhiteTeam "Schachgesellschaft Bochum 1931"]

1. d4 Nf6 2. Nf3 d5 3. c4 e6 4. Nc3 c6 5. cxd5 cxd5 6. Bf4 Bd6 7. Bxd6 Qxd6 8.
e3 a6 9. Bd3 Nbd7 10. O-O O-O 11. Qc2 e5 12. dxe5 Nxe5 13. Nxe5 Qxe5 14. h3 b5
15. Ne2 Bb7 16. Nd4 Rac8 17. Qe2 Ne4 18. a4 b4 19. Bxa6 Ng3 20. fxg3 Bxa6 21.
Qxa6 Qxe3+ 22. Kh2 Qxd4 23. Qe2 b3 1/2-1/2

[Event "7. LGA Premium Cup"]
[Site "Nürnberg"]
[Date "2010.09.05"]
[Round "7.47"]
[White "Walter, Florian"]
[Black "Nuber, Korbinian"]
[Result "0-1"]
[WhiteElo "2019"]
[BlackElo "2211"]
[PlyCount "66"]
[EventDate "2010.09.02"]
[WhiteTeam "SV Lauf a.d.P."]
[BlackTeam "SC Dillingen"]

1. Nf3 g6 2. c4 Bg7 3. g3 d6 4. Nc3 e5 5. Bg2 Nc6 6. O-O Nf6 7. d3 h6 8. Rb1 a5
9. a3 Be6 10. Nd2 Qd7 11. Nd5 O-O 12. Nxf6+ Bxf6 13. Ne4 Bg7 14. Bxh6 f5 15.
Bxg7 Kxg7 16. Ng5 f4 17. Nxe6+ Qxe6 18. b4 axb4 19. axb4 Ra2 20. e3 Qf5 21. b5
Nd8 22. exf4 exf4 23. Ra1 Rb2 24. Be4 Qh3 25. Qf3 Ne6 26. Bxb7 Nd4 27. Qg2 Ne2+
28. Kh1 Nxg3+ 29. Kg1 Qxg2+ 30. Bxg2 Nxf1 31. Bxf1 Rf5 32. Bh3 Rg5+ 33. Kf1 f3
0-1

[Event "7. LGA Premium Cup"]
[Site "Nürnberg"]
[Date "2010.09.05"]
[Round "7.48"]
[White "Donchenko, Alexander"]
[Black "Schulz, Anja"]
[Result "1-0"]
[WhiteElo "2204"]
[BlackElo "2052"]
[PlyCount "91"]
[EventDate "2010.09.02"]
[WhiteTeam "SK 1858 Gießen"]
[BlackTeam "Muldental Wilkau-Haßlau"]

1. d4 Nf6 2. Nf3 g6 3. g3 Bg7 4. Bg2 O-O 5. O-O d6 6. b3 c5 7. c4 Nc6 8. Bb2
Bg4 9. d5 Bxf3 10. Bxf3 Nd4 11. Bg2 Nd7 12. Nc3 a6 13. g4 Rb8 14. e3 e5 15.
exd4 exd4 16. Ne4 Nf6 17. Nxf6+ Qxf6 18. Qd3 b5 19. Bc1 Qe7 20. Bd2 Qd7 21. h3
f5 22. gxf5 Rxf5 23. Bf3 Rff8 24. Bg4 Qd8 25. Rab1 Kh8 26. Qg3 Be5 27. f4 Bf6
28. Be6 Rb7 29. Kh1 Qb8 30. Qd3 Qd8 31. b4 Qb8 32. Rfc1 Be7 33. Rb3 Rb6 34.
Rcb1 Qb7 35. cxb5 axb5 36. bxc5 dxc5 37. Rxb5 Rxb5 38. Qxb5 Qxb5 39. Rxb5 Ra8
40. Rb2 c4 41. Rc2 Bf6 42. Rxc4 Rxa2 43. Bb4 Kg7 44. Rc7+ Kh8 45. Rc8+ Kg7 46.
Bf8+ 1-0

[Event "7. LGA Premium Cup"]
[Site "Nürnberg"]
[Date "2010.09.05"]
[Round "7.49"]
[White "Eperjesi, Laszlo"]
[Black "Henrichs, Wenke"]
[Result "1-0"]
[WhiteElo "2194"]
[BlackElo "2061"]
[PlyCount "107"]
[EventDate "2010.09.02"]
[WhiteTeam "Ungarn"]
[BlackTeam "Schachverein Wattenscheid 1930"]
[WhiteTeamCountry "HUN"]

1. d4 Nf6 2. c4 g6 3. Nc3 Bg7 4. e4 d6 5. f3 O-O 6. Be3 Nc6 7. Nge2 a6 8. Qd2
Rb8 9. Rb1 Nd7 10. d5 Nce5 11. Ng3 c5 12. Be2 Nb6 13. b3 h5 14. O-O Na8 15. h3
Qa5 16. Rfc1 b5 17. f4 Nd7 18. cxb5 axb5 19. b4 cxb4 20. Nd1 h4 21. Nf1 Nc5 22.
Rxb4 Bd7 23. Rcb1 Nc7 24. Bf3 N7a6 25. Rd4 b4 26. e5 Bf5 27. Rc1 Qa3 28. Bf2
Nd3 29. Rb1 Nxf2 30. Rb3 Nxh3+ 31. gxh3 Qa5 32. Nf2 Rfc8 33. Ne3 Bd7 34. Bg4
Qc7 35. Rc4 Qa7 36. e6 Rxc4 37. exf7+ Kxf7 38. Nxc4 Bxg4 39. hxg4 Qd4 40. Qe2
Nc5 41. Re3 Bf8 42. Rh3 Qxd5 43. Rxh4 Bg7 44. Ne3 Qd4 45. g5 Rh8 46. Rg4 d5 47.
f5 Qa1+ 48. Kg2 Ne4 49. fxg6+ Kxg6 50. Nxd5 Nxf2 51. Nf4+ Kf7 52. Qe6+ Ke8 53.
Qc8+ Kf7 54. g6+ 1-0

[Event "7. LGA Premium Cup"]
[Site "Nürnberg"]
[Date "2010.09.05"]
[Round "7.50"]
[White "Seidel, Michael"]
[Black "Schatz, Christian"]
[Result "1/2-1/2"]
[WhiteElo "2058"]
[BlackElo "2189"]
[PlyCount "66"]
[EventDate "2010.09.02"]
[WhiteTeam "PTSV SK Hof 1892"]
[BlackTeam "Schachzentrum Fürth 2002"]

1. e4 Nf6 2. Nc3 e5 3. Bc4 Bc5 4. Nf3 Nc6 5. O-O d6 6. d3 Be6 7. Bxe6 fxe6 8.
Be3 O-O 9. Bxc5 dxc5 10. Qd2 h6 11. Ne2 Nh5 12. Qe3 Nd4 13. Nfxd4 cxd4 14. Qh3
Qe8 15. c3 dxc3 16. bxc3 Rd8 17. Rad1 c5 18. Qe3 Qc6 19. d4 exd4 20. cxd4 c4
21. Nc3 Nf6 22. a4 Rd7 23. Rd2 Rfd8 24. Rfd1 b6 25. h3 a6 26. Rb1 Rb7 27. Rdb2
Rdb8 28. Qf4 b5 29. axb5 axb5 30. Rb4 Nd7 31. Qg4 Nf6 32. Qf4 Nd7 33. Qg4 Nf6
1/2-1/2

[Event "7. LGA Premium Cup"]
[Site "Nürnberg"]
[Date "2010.09.05"]
[Round "7.51"]
[White "Mons, Leon"]
[Black "Frey, Alisa"]
[Result "1-0"]
[WhiteElo "2178"]
[BlackElo "2045"]
[PlyCount "97"]
[EventDate "2010.09.02"]
[WhiteTeam "SC Forchheim e.V."]
[BlackTeam "SC Eppingen"]

1. g3 d5 2. Bg2 c5 3. d3 e5 4. Nf3 Nc6 5. O-O Nf6 6. Bg5 Be7 7. Nfd2 Be6 8. c4
O-O 9. Nc3 d4 10. Bxf6 Bxf6 11. Nd5 Rb8 12. Qa4 Bd7 13. a3 a6 14. Nxf6+ Qxf6
15. b4 cxb4 16. axb4 b5 17. Qxa6 bxc4 18. b5 Ne7 19. Qxf6 gxf6 20. dxc4 f5 21.
Ra7 Rfd8 22. Nb3 Nc8 23. Rc7 Nd6 24. Bd5 Be8 25. Bc6 Bxc6 26. Rxc6 Rbc8 27. Na5
Ra8 28. Ra1 e4 29. Nb3 Rxa1+ 30. Nxa1 d3 31. exd3 exd3 32. Nb3 Ne4 33. b6 Rb8
34. c5 d2 35. Nxd2 Nxd2 36. Rc8+ Rxc8 37. b7 Nf3+ 38. Kg2 Nh4+ 39. gxh4 Rxc5
40. b8=Q+ Kg7 41. Kg3 Rc6 42. Qe5+ Kg6 43. h5+ Kxh5 44. Qxf5+ Kh6 45. Qxf7 Ra6
46. Kh4 Ra4+ 47. f4 Ra6 48. Qf8+ Kg6 49. f5# 1-0

[Event "7. LGA Premium Cup"]
[Site "Nürnberg"]
[Date "2010.09.05"]
[Round "7.52"]
[White "Schönberger, Peter"]
[Black "Adler, Herbert"]
[Result "1/2-1/2"]
[WhiteElo "2174"]
[BlackElo "2006"]
[PlyCount "33"]
[EventDate "2010.09.02"]
[WhiteTeam "Caissa Schwarmstedt"]
[BlackTeam "SG Büchenbach/Roth e.V."]

1. e4 e6 2. d4 d5 3. Nd2 c5 4. exd5 exd5 5. Ngf3 Nc6 6. c3 cxd4 7. Nxd4 Nxd4 8.
cxd4 Bd6 9. Qb3 Ne7 10. Bd3 O-O 11. O-O b6 {(=)} 12. Nf3 Bf5 13. Bg5 Bxd3 14.
Qxd3 Qd7 15. Rfe1 f6 16. Bd2 Rac8 17. Rad1 1/2-1/2

[Event "7. LGA Premium Cup"]
[Site "Nürnberg"]
[Date "2010.09.05"]
[Round "7.54"]
[White "Maurer, Christian"]
[Black "Martin Fernandez, Rodrigo"]
[Result "0-1"]
[WhiteElo "1990"]
[BlackElo "2169"]
[PlyCount "76"]
[EventDate "2010.09.02"]
[WhiteTeam "SK Kelheim 1920"]
[BlackTeam "SC Erlangen 48/88"]

1. d4 Nf6 2. Nf3 c5 3. e3 e6 4. Bd3 d5 5. b3 cxd4 6. exd4 Be7 7. Bb2 O-O 8. O-O
Nbd7 9. Nbd2 Re8 10. Ne5 Nf8 11. f4 N6d7 12. Qh5 g6 13. Qe2 f6 14. Ng4 f5 15.
Ne5 Nxe5 16. fxe5 Bd7 17. g4 Bg5 18. h3 Bh6 19. Nf3 Bg7 20. Kh1 Rc8 21. Rg1 Rc7
22. Rg2 Bc6 23. Rag1 Kh8 24. Ba3 a6 25. h4 Bb5 26. Bxb5 axb5 27. gxf5 exf5 28.
h5 Ne6 29. Bc1 Nxd4 30. Nxd4 Qh4+ 31. Rh2 Qxd4 32. hxg6 Bxe5 33. g7+ Kg8 34.
Rxh7 Qxg1+ 35. Kxg1 Bd4+ 36. Be3 Rxe3 37. Rh8+ Kxg7 38. Qh5 Rh3+ 0-1

[Event "7. LGA Premium Cup"]
[Site "Nürnberg"]
[Date "2010.09.05"]
[Round "7.55"]
[White "Hörmann, Gunther"]
[Black "Göbel, Constantin"]
[Result "1/2-1/2"]
[WhiteElo "2014"]
[BlackElo "2114"]
[PlyCount "107"]
[EventDate "2010.09.02"]
[WhiteTeam "TSV Cadolzburg e.V."]
[BlackTeam "TSV Schott Mainz"]

1. c4 e6 2. g3 Nf6 3. Bg2 d5 4. Nf3 Be7 5. O-O O-O 6. d4 dxc4 7. Ne5 c5 8. dxc5
Qc7 9. Nxc4 Bxc5 10. Be3 Bxe3 11. Nxe3 Bd7 12. Na3 Bc6 13. Rc1 Qe7 14. Qc2 Bxg2
15. Kxg2 Nc6 16. Qc5 Qxc5 17. Rxc5 Rfd8 18. Nac2 Rd2 19. Re1 Kf8 20. Kf1 Rad8
21. Rc1 Ke7 22. Ke1 R2d7 23. Rd1 Rxd1+ 24. Nxd1 Ne4 25. Rc4 f5 26. f3 Nf6 27.
b4 a6 28. a4 Rd7 29. h3 Ne5 30. Rc5 Nd5 31. Nc3 Nxc3 32. Rxc3 Nc6 33. e3 Rd5
34. Ke2 Kf6 35. Rb3 e5 36. b5 axb5 37. Rxb5 Rxb5 38. axb5 Na7 39. Na3 e4 40.
fxe4 fxe4 41. Kd2 Ke5 42. Kc3 Kd5 43. Kb4 Nc8 44. Nb1 b6 45. Nc3+ Ke5 46. Na4
g6 47. Kb3 Kd5 48. Kb4 h6 49. Nc3+ Ke5 50. Na4 h5 51. Nc3 Ne7 52. g4 h4 53. Kc4
g5 54. Kb3 1/2-1/2

[Event "7. LGA Premium Cup"]
[Site "Nürnberg"]
[Date "2010.09.05"]
[Round "7.56"]
[White "Melzner, Lukas"]
[Black "Stein, Tobias"]
[Result "1-0"]
[WhiteElo "2159"]
[BlackElo "2036"]
[PlyCount "61"]
[EventDate "2010.09.02"]
[WhiteTeam "SK Klosterlechfeld"]
[BlackTeam "SV Alsfeld"]

1. c4 e5 2. g3 g6 3. Bg2 Bg7 4. Nc3 Nc6 5. e3 d6 6. Nge2 f5 7. d3 Nf6 8. Rb1
O-O 9. O-O Be6 10. b4 Qd7 11. b5 Nd8 12. a4 Rb8 13. Ba3 b6 14. a5 g5 15. axb6
axb6 16. f4 gxf4 17. gxf4 Ng4 18. Nd5 e4 19. h3 Bxd5 20. hxg4 Bb7 21. d4 fxg4
22. d5 Qe7 23. Ng3 Bc8 24. Bxe4 Bf5 25. Bxf5 Qxe3+ 26. Kg2 Rxf5 27. Bc1 Qc3 28.
Nxf5 Qh3+ 29. Kf2 Qh2+ 30. Ke1 g3 31. Qg4 1-0

[Event "7. LGA Premium Cup"]
[Site "Nürnberg"]
[Date "2010.09.05"]
[Round "7.57"]
[White "Zwingel, Stephan"]
[Black "Finster, Michael"]
[Result "1/2-1/2"]
[WhiteElo "2036"]
[BlackElo "2153"]
[PlyCount "75"]
[EventDate "2010.09.02"]
[WhiteTeam "SK Zirndorf e.V."]
[BlackTeam "SW Nürnberg Süd e.V."]

1. Nf3 f5 2. d4 Nf6 3. g3 g6 4. Bg2 Bg7 5. O-O O-O 6. b3 d6 7. Bb2 c6 8. c4 Nh5
9. e3 Nd7 10. Qc2 Ndf6 11. Nc3 Ne4 12. d5 Bxc3 13. Bxc3 cxd5 14. cxd5 Bd7 15.
Rac1 Rc8 16. Qb2 Rxc3 17. Rxc3 Nxc3 18. Qxc3 Qb6 19. Rc1 Rc8 20. Qd2 Rxc1+ 21.
Qxc1 Qc5 22. Qd2 a5 23. Ne1 Nf6 24. Nd3 Qc7 25. Qc1 Qxc1+ 26. Nxc1 Bb5 27. h3
b6 28. a3 Kf7 29. Na2 Ke8 30. f4 Bd3 31. Nc3 Kd7 32. Kf2 e6 33. b4 Bc4 34. e4
fxe4 35. dxe6+ Kxe6 36. Nxe4 Nxe4+ 37. Bxe4 axb4 38. axb4 1/2-1/2

[Event "7. LGA Premium Cup"]
[Site "Nürnberg"]
[Date "2010.09.05"]
[Round "7.58"]
[White "Uhlmann, David"]
[Black "Saathoff, Richard"]
[Result "1/2-1/2"]
[WhiteElo "1997"]
[BlackElo "2152"]
[PlyCount "30"]
[EventDate "2010.09.02"]
[WhiteTeam "SC 1911 Großröhrsdorf"]
[BlackTeam "SW Nürnberg Süd e.V."]

1. d4 Nf6 2. c4 g6 3. Nc3 Bg7 4. e4 d6 5. f3 O-O 6. Be3 e5 7. Nge2 c6 8. Qd2
Nbd7 9. d5 cxd5 10. cxd5 a6 11. g4 h5 12. h3 Nh7 13. O-O-O h4 14. Kb1 Bf6 15.
Nc1 Bg5 1/2-1/2

[Event "7. LGA Premium Cup"]
[Site "Nürnberg"]
[Date "2010.09.05"]
[Round "7.59"]
[White "Zier, Oliver"]
[Black "Pühn, Georg"]
[Result "1/2-1/2"]
[WhiteElo "2139"]
[BlackElo "1961"]
[PlyCount "81"]
[EventDate "2010.09.02"]
[WhiteTeam "TSV Bindlach Aktionär-Schachabte"]
[BlackTeam "SC Noris-Tarrasch Nürnberg 1873"]

1. d4 d5 2. c4 e6 3. Nc3 c6 4. e3 Nf6 5. Nf3 Nbd7 6. Qc2 Bd6 7. b3 O-O 8. Be2
b6 9. O-O Bb7 10. Bb2 Re8 11. Rac1 Rc8 12. Qb1 Qe7 13. Rfd1 Bb8 14. e4 dxe4 15.
Nxe4 Bf4 16. Rc3 c5 17. Bd3 cxd4 18. Nxd4 Be5 19. Bc2 Nxe4 20. Bxe4 Bxe4 21.
Qxe4 Qf6 22. Rf3 Qg6 23. Qxg6 hxg6 24. Nb5 Bxb2 25. Rxd7 Red8 26. Rfxf7 a6 27.
Nc7 Rxc7 28. Rxg7+ Bxg7 29. Rxd8+ Kf7 30. Rd6 b5 31. Rxa6 bxc4 32. bxc4 Rxc4
33. Ra7+ Kf6 34. g3 Bf8 35. Kg2 Bc5 36. Rc7 g5 37. Kh3 g4+ 38. Kh4 Kg6 39. a4
Kf6 40. a5 Ke5 41. Rg7 1/2-1/2